000 00254nam a2200109 4500
001 1973
090 _a1973
100 _a20190723b u||y0fre||u0ba y50
200 _aPoints de vue
_bPériodique
210 _aLa Chaux de Fonds
801 _aCH
_bCH-002049-8
955 _r1957: 1, 2; 1958: 3